Alpha-, beta-radioactive aerosols behavior in the ground atmosphere; The Second International Conference on Radiation and Dosimetry in Various Fields of Research, RAD 2014, May 27-30, 2014, Niš, Serbia

Bibliografiske detaljer
Parent link:The Second International Conference on Radiation and Dosimetry in Various Fields of Research, RAD 2014, May 27-30, 2014, Niš, Serbia.— 2014.— [P. 406]
Institution som forfatter: Национальный исследовательский Томский политехнический университет (ТПУ) Физико-технический институт (ФТИ) Кафедра прикладной физики (№ 12) (ПФ)
Andre forfattere: Cherepnev M. S. Maksim Sviatoslavovich, Ипполитов И. И. Иван Иванович, Нагорский П. М. Петр Михайлович, Smirnov S. V. Sergey Vasiljevich, Yakovleva V. S. Valentina Stanislavovna, Vukolov A. V. Artem Vladimirovich
Summary:Title screen
Sprog:engelsk
Udgivet: 2014
Fag:
Online adgang:http://www.rad2014.elfak.rs/php/download2.php?file=../prezentacije/Book%20of%20Abstracts%20RAD%202014.pdf
Format: MixedMaterials Electronisk Book Chapter
KOHA link:https://koha.lib.tpu.ru/cgi-bin/koha/opac-detail.pl?biblionumber=647587

MARC

LEADER 00000naa0a2200000 4500
001 647587
005 20250620090554.0
035 |a (RuTPU)RU\TPU\network\12727 
090 |a 647587 
100 |a 20160415d2014 k||y0rusy50 ba 
101 0 |a eng 
135 |a drcn ---uucaa 
181 0 |a i  
182 0 |a b 
200 1 |a Alpha-, beta-radioactive aerosols behavior in the ground atmosphere  |f M. S. Cherepnev [et al.] 
203 |a Text  |c electronic 
300 |a Title screen 
463 1 |t The Second International Conference on Radiation and Dosimetry in Various Fields of Research, RAD 2014, May 27-30, 2014, Niš, Serbia  |o Book of Abstracts  |v [P. 406]  |d 2014 
610 1 |a электронный ресурс 
610 1 |a труды учёных ТПУ 
701 1 |a Cherepnev  |b M. S.  |c Specialist in the field of radiation safety  |c Engineer of Tomsk Polytechnic University  |f 1987-  |g Maksim Sviatoslavovich  |3 (RuTPU)RU\TPU\pers\34941 
701 1 |a Ипполитов  |b И. И.  |c специалист в области климатологии и метеорологии  |c ведущий научный сотрудник Томского политехнического университета, доктор физико-математических наук  |f 1941-  |g Иван Иванович  |3 (RuTPU)RU\TPU\pers\30000 
701 1 |a Нагорский  |b П. М.  |c физик  |c ведущий научный сотрудник Томского политехнического университета, доктор физико-математических наук  |f 1943-  |g Петр Михайлович  |3 (RuTPU)RU\TPU\pers\29952 
701 1 |a Smirnov  |b S. V.  |g Sergey Vasiljevich 
701 1 |a Yakovleva  |b V. S.  |c physicist  |c Associate Professor of Tomsk Polytechnic University, Candidate of physical and mathematical sciences  |f 1970-  |g Valentina Stanislavovna  |3 (RuTPU)RU\TPU\pers\31214  |9 15410 
701 1 |a Vukolov  |b A. V.  |c physicist  |c Research associate of Tomsk Polytechnic University, Candidate of physical and mathematical sciences  |f 1978-  |g Artem Vladimirovich  |3 (RuTPU)RU\TPU\pers\31209  |9 15405 
712 0 2 |a Национальный исследовательский Томский политехнический университет (ТПУ)  |b Физико-технический институт (ФТИ)  |b Кафедра прикладной физики (№ 12) (ПФ)  |3 (RuTPU)RU\TPU\col\18729 
801 2 |a RU  |b 63413507  |c 20160415  |g RCR 
850 |a 63413507 
856 4 |u http://www.rad2014.elfak.rs/php/download2.php?file=../prezentacije/Book%20of%20Abstracts%20RAD%202014.pdf 
942 |c CF